Normal view
MARC view
- Hali,Sultan Mahmood
Entry Personal Name
001 - CONTROL NUMBER
- control field: 17356
003 - CONTROL NUMBER IDENTIFIER
- control field: NUST
005 - DATE AND TIME OF LATEST TRANSACTION
- control field: 20190711044458.0
008 - FIXED-LENGTH DATA ELEMENTS
- fixed length control field: 190711|| aca||aabn | a|a d
040 ## - CATALOGING SOURCE
- Original cataloging agency: NUST
- Transcribing agency: NUST
100 ## - HEADING--PERSONAL NAME
- Personal name: Hali,Sultan Mahmood
670 ## - SOURCE DATA FOUND
- Source citation: Work cat.: (NUST): Hali,Sultan Mahmood , Rising hindutva & its impact on the region, 2018.
